000 00414nam a22001817a 4500
005 20251119115332.0
082 _a530 NAH
100 _aNahari A
_9252
100 _aSindhu R L
_9253
100 _aHaritha V G
_9254
100 _aSini Chandran
_9255
245 _aPhysics for Engineers_C&D
250 _a1
260 _aOwl Books
_bTrivandrum
_c2025
546 _aEnglish
650 _aPhysics
_9943
942 _cBK
999 _c38017
_d38017